Financial statements analysis 1976

Guardat en:
Dades bibliogràfiques
Format: Llibre
Idioma:Undetermined
Publicat: Korea The Bank Of Korea 1977
Matèries:
Etiquetes: Afegir etiqueta
Sense etiquetes, Sigues el primer a etiquetar aquest registre!
Thư viện lưu trữ: Trung tâm Học liệu Trường Đại học Cần Thơ
LEADER 00414nam a2200157Ia 4500
001 CTU_92133
008 210402s9999 xx 000 0 und d
082 |a 657 
082 |b F491 
245 0 |a Financial statements analysis 1976 
260 |a Korea 
260 |b The Bank Of Korea 
260 |c 1977 
650 |a accounting,business 
904 |i Mai Loan 
980 |a Trung tâm Học liệu Trường Đại học Cần Thơ